1854 1682 1242 1627 1657 1872 1403 1337 1076 1627 1048 1408 1654 1845 1506 1869 1958 1312 1931 1347 1000 1150 1211 1813 1709 1765 1398 1407 1146 1275 1752 1013 1696 1910 1264 1213 1475 1668 1851 1975 1920 1315 1912 1370 1975 1712 1790 1435 1049 1111 1600 1578 1688 1761 1726 1097 1474 1964 1135 1444 1979 1835 1880 1252 1614 1242 1689 1289 1065 1915 1785 1437 1424 1644 1733 1669 1243 1478 1774 1052 1094 1601 1115 1159 1940 1972 1086 1984 1808 1070 1716 1251 1243 1081 1461 1404 1428 1338 1895 BCNSPRNW ULIB Ver.6.0+V

เปลี่ยนเป็นภาษาไทย

Change to English
 แสดงรายละเอียดบรรณานุกรม
  กลับหน้าหลัก

Brief Record : Get Marc (ISO 2709) : E-mail record : QR code < ปิดหน้าต่าง
LEADER : 00000nam 2200000uu 4500
001    13399110940
003     ULIB
008    110613s||||||||th 000 0 tha d
020    9749183320
050  4 AC158^bอ311ด 2004
100    อแมนดา โอนิลล์
245    เด็กๆรู้ไหมทำไมนกแร้งหัวล้าน^cผู้แต่ง อแมนดา โอนิลล์
260    กรุงเทพฯ : ^bโกรเลียร์ อินเตอร์เนชั่นแนล, ^c2004
300    32 หน้า : ^bภาพประกอบสี ; ^c28 ซม.
650  7 ความรู้รอบตัว
650  7 นกแร้ง
945    ^p350^l0^i029024
995    ทศพร
999 ^a ใช้งานได้ทุกระบบ
รายการนี้ยังไม่มีแท็ก
คุณยังไม่ได้ล็อกอิน คุณสามารถมีกิจกรรมร่วมกับเว็บไซต์ได้ แต่ต้องล็อกอินก่อน ::
  ล็อกอิน

รายการสื่อสารสนเทศ

ลำดับที่ ประเภท เลขเรียก/บาร์โค้ด สถานที่ สถานะ
- ไม่พบข้อมูล -

รายการใกล้เคียง
    ผู้แต่ง [อแมนดา โอนิลล์]

    หัวเรื่อง [ความรู้รอบตัว]

BibComment


ยังไม่เคยถูกคอมเมนท์

คอมเมนท์ทรัพยากรรายการนี้
  คอมเมนท์: เด็กๆรู้ไหมทำไมนก..


 Copyright 2026. Bcnsprnw @Library